Culture Générale - Série 2460 - Statistiques

Statistiques générales
  • Ce quiz a été pris 283 fois
  • Le résultat moyen est 7 sur 10
Statistiques - réponses
Question Réponse % Correct
Dans quel dessin animé de Walt Disney peut-on voir le Capitaine Crochet ? Peter Pan
98%
Quelle variété de fruits est appelée "reinette" ? pomme
95%
Quel animal est appelé "rainette" ? grenouille
92%
Quelle ville japonaise a été frappée par une bombe atomique le 9 août 1945 ? Nagasaki
88%
Le reptile en photo est appelé varan ou dragon de ... (nom des îles où on le rencontre) Komodo
78%
Dans quel dessin animé de Walt Disney trouve-t-on Anastasie et Javotte ? Cendrillon
72%
Quelle est la plus grande île des Antilles ? Cuba
71%
Quelle est la capitale des Bahamas ? Nassau
52%
Vues du ciel, les deux principales îles de l’archipel de la Guadeloupe ont la forme d’un ... papillon
45%
Quelle île est partagée entre Haïti et la République Dominicaine ? Hispaniola
43%
Aucun quiz correspondant
Distribution des résultats
% des personnes avec chaque résultat
Percentile par nombre de réponses
Votre historique - résultats
Vous n’avez pas pris ce quiz